Razmishlenia zarhu Don Kihot / (Record no. 66397)
[ view plain ]
| 000 -LEADER | |
|---|---|
| campo de control de longitud fija | 00814nam a2200241 i 4500 |
| 001 - NÚMERO DE CONTROL | |
| campo de control | 66397 |
| 003 - IDENTIFICADOR DE NÚMERO DE CONTROL | |
| campo de control | ES-MaACL |
| 005 - FECHA Y HORA DE LA ÚLTIMA TRANSACCIÓN | |
| campo de control | 20240219223314.0 |
| 007 - CAMPO FIJO DE DESCRIPCIÓN FÍSICA--INFORMACIÓN GENERAL | |
| campo de control de longitud fija | t| |
| 008 - DATOS DE LONGITUD FIJA--INFORMACIÓN GENERAL | |
| campo de control de longitud fija | 040213s2000 brg ||||1| bul d |
| 020 ## - NÚMERO INTERNACIONAL ESTÁNDAR DEL LIBRO | |
| Número Internacional Estándar del Libro | 954-733-113-2 |
| 080 ## - NÚMERO DE LA CLASIFICACIÓN DECIMAL UNIVERSAL | |
| Número de la Clasificación Decimal Universal | 821.134.2-4"19" |
| 100 1# - ENTRADA PRINCIPAL--NOMBRE DE PERSONA | |
| Nombre de persona | Ortega y Gasset, José, |
| Fechas asociadas al nombre | 1883-1955 |
| 9 (RLIN) | 87503 |
| 245 10 - MENCIÓN DEL TÍTULO | |
| Título | Razmishlenia zarhu Don Kihot / |
| Mención de responsabilidad, etc. | Xoce Ormeaa u Gacem ; [traducido por] Stefka Kojouharova. |
| 260 ## - PUBLICACIÓN, DISTRIBUCIÓN, ETC. | |
| Lugar de publicación, distribución, etc. | Sofía : |
| Nombre del editor, distribuidor, etc. | Prozoretz, |
| Fecha de publicación, distribución, etc. | [2000] |
| 546 ## - NOTA DE IDIOMA | |
| Nota de lengua/lenguaje | Traducido al búlgaro en caracteres cirílicos. |
| 594 ## - Nota al título y mención de responsabilidad | |
| Nota al título y mención de responsabilidad | Traducción de: Meditaciones del Quijote. |
| 600 14 - PUNTO DE ACCESO ADICIONAL DE MATERIA--NOMBRE DE PERSONA | |
| Nombre de persona | Cervantes Saavedra, Miguel de, |
| Fechas asociadas al nombre | 1547-1616- |
| Subdivisión general | Filosofía |
| 9 (RLIN) | 171973 |
| 700 1# - ENTRADA AGREGADA--NOMBRE PERSONAL | |
| Nombre de persona | Kojouharova, Stefka. |
| 9 (RLIN) | 68502 |
| 740 02 - ENTRADA AGREGADA--TÍTULO RELACIONADO/ANALÍTICO NO CONTROLADO | |
| Título relacionado o analítico no controlado | Meditaciones del Quijote. |
| 852 ## - LOCALIZACIÓN | |
| Ubicación | ES-MaACL |
| Número de control de estantería | L-26859 |
| Estatus retirado | Estado de pérdida | Estado de daño | No para préstamo | Biblioteca de origen | Biblioteca actual | Ubicación en estantería | Fecha de adquisición | Fuente de adquisición | Total de préstamos | Signatura topográfica completa | Código de barras | Visto por última vez | Precio de reemplazo | Tipo de ítem Koha |
|---|---|---|---|---|---|---|---|---|---|---|---|---|---|---|
| Biblioteca del Ateneo de Madrid | Biblioteca del Ateneo de Madrid | Depósito 2 | 17/01/2008 | L-26859 | 1069559 | 23/02/2023 | 23/02/2023 | Libro impreso |
